Les département français votant le plus a gauche - Statistiques

Statistiques générales
  • Ce quiz a été pris 143 fois
  • Le résultat moyen est 22 sur 30
Statistiques - réponses
Pourcentage Régions Département % Correct
42,31 % Île-de-France Paris
94%
57,05 % Île-de-France Seine-Saint-Denis
92%
32,12 % Île-de-France Yvelines
88%
37,92 % Île-de-France Essonne
84%
32,28 % Provence-Alpes-Côtes-d'Azur Bouches-du-Rhône
83%
33,04 % Nouvelle-Aquitaine Gironde
83%
34,28 % Île-de-France Seine-et-Marne
83%
41,12 % Île-de-France Val-d'Oise
81%
43,09 % Île-de-France Val-de-Marne
80%
32,74 % Bretagne Côtes-d'Armor
79%
35,34 % Bretagne Ille-et-Vilaine
79%
35,41 % Auvergne-Rhône-Alpes Rhône
79%
35,96 % Île-de-France Hauts-de-Seine
78%
32,02 % Hauts-de-France Nord
78%
36,99 % Pays-de-la-Loire Loire-Atlantique
74%
34,12 % Auvergne-Rhône-Alpes Isère
73%
37,67 % Occitanie Haute-Garonne
72%
33,84 % Occitanie Hérault
72%
34,03 % Provence-Alpes-Côtes-d'Azur Hautes-Alpes
69%
33,06 % Auvergne-Rhône-Alpes Puy-de-Dôme
69%
35,15 % Occitanie Lot
68%
37,07 % Occitanie Ariège
66%
32,86 % Auvergne-Rhône-Alpes Drôme
66%
32,30 % Provence-Alpes-Côtes-d'Azur Alpes-de-Haute-Provence
65%
31,91 % Auvergne-Rhône-Alpes Savoie
65%
32,62 % Auvergne-Rhône-Alpes Ardèche
64%
31,58 % Centre-Val-de-Loire Indre-et-Loire
64%
33,51 % Nouvelle-Aquitaine Haute-Vienne
63%
32,22 % Nouvelle-Aquitaine Vienne
62%
31,37 % Nouvelle-Aquitaine Corrèze
60%
Aucun quiz correspondant
Distribution des résultats
% des personnes avec chaque résultat
Percentile par nombre de réponses
Votre historique - résultats
Vous n’avez pas pris ce quiz